| Tag |
First Indicator |
Second Indicator |
Subfields |
| LEADER |
00000cam a2200000Mi 4500 |
| 001 |
in00004772721 |
| 006 |
m o d |
| 007 |
cr |n||||||||| |
| 008 |
160402s2015 pl ob 001 0 eng d |
| 005 |
20240212223207.9 |
| 010 |
|
|
|a 2016304902
|
| 035 |
|
|
|a (OCoLC)ocn945612121
|
| 040 |
|
|
|a EBLCP
|b eng
|e pn
|c EBLCP
|d OCLCQ
|d UIU
|d SFB
|d OCLCO
|d S4S
|d OCLCQ
|d OCLCF
|d COCUF
|d STF
|d MERUC
|d LOA
|d USU
|d OCLCO
|d ZCU
|d VT2
|d ICG
|d OCLCO
|d OCLCQ
|d WYU
|d OCLCA
|d DKC
|d AU@
|d OCLCO
|d OCLCQ
|d WURST
|d OCLCA
|d DEGRU
|d DEBSZ
|d S2H
|d OCLCO
|d UKAHL
|d ERD
|d OCLCO
|d N$T
|d YDX
|d OCLCO
|d OCL
|d OCLCQ
|d PSYSI
|d AUD
|d OCLCQ
|d OCLCO
|
| 019 |
|
|
|a 979626963
|a 980251328
|a 1021256985
|a 1061001353
|a 1066466213
|a 1066599037
|a 1081272595
|a 1111125584
|a 1115070881
|a 1202545672
|a 1224938311
|a 1228586367
|a 1235834881
|a 1253415604
|
| 020 |
|
|
|a 3110471019
|
| 020 |
|
|
|a 9783110470994
|
| 020 |
|
|
|a 3110470993
|
| 020 |
|
|
|a 9783110471014
|q (electronic bk.)
|
| 024 |
7 |
|
|a 10.1515/9783110471014
|2 doi
|
| 035 |
|
|
|a (OCoLC)945612121
|z (OCoLC)979626963
|z (OCoLC)980251328
|z (OCoLC)1021256985
|z (OCoLC)1061001353
|z (OCoLC)1066466213
|z (OCoLC)1066599037
|z (OCoLC)1081272595
|z (OCoLC)1111125584
|z (OCoLC)1115070881
|z (OCoLC)1202545672
|z (OCoLC)1224938311
|z (OCoLC)1228586367
|z (OCoLC)1235834881
|z (OCoLC)1253415604
|
| 050 |
|
4 |
|a R726.7
|b .D397 2015eb
|
| 060 |
|
4 |
|a WM 105
|
| 072 |
|
7 |
|a MED014000
|2 bisacsh
|
| 072 |
|
7 |
|a PSY003000
|2 bisacsh
|
| 072 |
|
7 |
|a PSY007000
|2 bisacsh
|
| 082 |
0 |
4 |
|a 616.89
|2 23
|
| 049 |
|
|
|a TXAM
|
| 245 |
0 |
0 |
|a Formulation in action :
|b applying psychological theory to clinical practice /
|c [edited by] David L. Dawson and Nima G. Moghaddam ; managing editor, Aneta Przepiórka.
|
| 264 |
|
1 |
|a Warsaw :
|b De Gruyter Open,
|c [2015]
|
| 300 |
|
|
|a 1 online resource (228 pages)
|
| 336 |
|
|
|a text
|b txt
|2 rdacontent
|
| 337 |
|
|
|a computer
|b c
|2 rdamedia
|
| 338 |
|
|
|a online resource
|b cr
|2 rdacarrier
|
| 347 |
|
|
|a text file
|b PDF
|2 rda
|
| 505 |
0 |
0 |
|t Frontmatter --
|t Contents --
|t List of contributing authors --
|t Acknowledgments --
|t 1. Formulation in Action: An Introduction --
|t 2. Case Description --
|t 3. Clinical Behaviour Analysis --
|t 4. Cognitive-Behavioural Therapy --
|t 5. Acceptance and Commitment Therapy --
|t 6. Schema Therapy --
|t 7. Intensive Short-term Dynamic Psychotherapy (ISTDP) --
|t 8. Systemic Family Therapy --
|t 9. Body-Centred Psychotherapy (BCP) --
|t 10. Compassion Focused Therapy --
|t 11. Integrative Approaches --
|t Contributors --
|t List of Figures --
|t List of Tables --
|t Index
|
| 520 |
3 |
|
|a Formulation is the theory-driven methodology used by psychological practitioners to guide their clinical work. This volume presents multiple psychological formulations of a single clinical case, written by psychologists embedded in clinical training, research, and practice. Each chapter outlines a case formulation from a particular theoretical position, which is then critically evaluated by authors working from alternative perspectives.
|
| 588 |
0 |
|
|a Print version record.
|
| 504 |
|
|
|a Includes bibliographical references and index.
|
| 650 |
|
0 |
|a Medicine (General)
|
| 650 |
|
0 |
|a Psychology.
|
| 650 |
|
0 |
|a Clinical psychology.
|
| 650 |
|
2 |
|a Psychology, Clinical
|
| 650 |
|
2 |
|a Psychology
|
| 650 |
|
6 |
|a Psychologie.
|
| 650 |
|
6 |
|a Psychologie clinique.
|
| 650 |
|
7 |
|a psychology.
|2 aat
|
| 650 |
|
7 |
|a MEDICAL / Clinical Medicine.
|2 bisacsh
|
| 650 |
|
7 |
|a Clinical psychology
|2 fast
|
| 650 |
|
7 |
|a Psychology
|2 fast
|
| 653 |
|
|
|a psychological formulation, case formulation, case conceptualisation, applied psychology, clinical psychology, psychotherapy, applying psychological theory, psychological understanding, practitioner psychologists.
|
| 655 |
|
7 |
|a Electronic books.
|2 local
|
| 700 |
1 |
|
|a Dawson, David L.
|q (David Lee),
|e editor.
|
| 700 |
1 |
|
|a Moghaddam, Nima G.,
|e editor.
|
| 700 |
1 |
|
|a Przepiórka, Aneta,
|e editor.
|
| 710 |
2 |
|
|a Walter de Gruyter & Co.
|
| 776 |
0 |
8 |
|i Print version:
|a Dawson, David.
|t Formulation in Action : Applying Psychological Theory to Clinical Practice.
|d Warschau/Berlin : De Gruyter, ©2015
|z 9783110470994
|w (DLC) 2016304902
|w (OCoLC)932054384
|
| 856 |
4 |
0 |
|u https://www.degruyter.com/openurl?genre=book&isbn=9783110471014
|z Connect to the full text of this electronic book
|t 0
|
| 955 |
|
|
|a De Gruyter Open Access ebooks
|
| 994 |
|
|
|a 92
|b TXA
|
| 999 |
f |
f |
|s 066bca43-a419-499a-a85d-e953586593c2
|i c801feba-85fb-430c-acd2-c5564a795cd6
|t 0
|
| 952 |
f |
f |
|a Texas A&M University
|b College Station
|c Electronic Resources
|d Available Online
|t 0
|e R726.7 .D397 2015eb
|h Library of Congress classification
|
| 998 |
f |
f |
|a R726.7 .D397 2015eb
|t 0
|l Available Online
|